El concepto de justicia en el marxismo soviético

Uloženo v:
Podrobná bibliografie
Hlavní autor: Lamsdorff-Galagane, Vladimiro (Autor)
Médium: Kniha
Jazyk:španělština
Vydáno: Santiago de Compostela Porto 1969
Edice:Biblioteca Hispánica de Filosofía del Derecho, 2
Témata:
Tagy: Přidat tag
Žádné tagy, Buďte první, kdo vytvoří štítek k tomuto záznamu!

MARC

LEADER 00000nam a2200000 a 4500
001 UCS8762
003 CL-VaPUC
008 971107e19690000SP |||||||||||||||||spa|d
082 0 4 |a 340.109  |b LAM  |2 21 
100 |a Lamsdorff-Galagane, Vladimiro  |e author  |9 297179 
245 1 3 |a El concepto de justicia en el marxismo soviético 
300 |a 165 p 
942 |c BK 
945 |d 19971107 00:00:00  |a aolguin 
260 |a Santiago de Compostela  |b Porto  |c 1969 
650 7 |a MARXISMO  |2 CL-VaPUC  |9 393524 
650 0 |a Justicia   |9 255408 
650 0 |a Valor jurídico   |9 384865 
650 0 |a Sociedad  |9 307903 
650 7 |a LENILISMO  |2 CL-VaPUC  |9 393525 
650 7 |a STANILISMO  |2 CL-VaPUC  |9 393526 
650 0 |a Teoría jurídica  |9 345880 
650 0 |a Etica jurídica   |9 255897 
650 0 |a Crítica  |9 373015 
583 |a last modification  |c 19971107 00:00:00  |k Rodrigo Vera 
490 0 |a Biblioteca Hispánica de Filosofía del Derecho, 2 
999 |c 262971  |d 262969 
952 |0 0  |1 0  |4 0  |6 340_109000000000000_LAM_1969  |7 0  |8 DER_TF  |9 292038  |a BIBDER  |b BIBDER  |d 2019-11-19  |i 1897055  |o 340.109 LAM 1969  |p 1897055  |r 2023-01-25  |w 2019-11-19  |x Ubicación 4to Piso  |y BK  |z Estos recursos deben solicitarse con anticipación  |k DER 
952 |0 0  |1 0  |4 0  |6 340_109000000000000_LAM_1969  |7 0  |8 A  |9 292039  |a BIBDER  |b BIBDER  |d 2019-11-19  |i 1954806  |l 1  |m 1  |o 340.109 LAM 1969  |p 1954806  |r 2023-10-12  |s 2023-09-27  |w 2019-11-19  |y BK  |k DER